000 00887cam a2200313Ia 4500
001 41469
005 20230410142320.0
008 030708s2003 sp 000 0 spa d
035 _a(OCoLC)ocm52618781
040 _aPL#
_cPL#
_dTEF
020 _a8497421612 :
_c$24.95
020 _a9788497421614
029 0 _aPL#
_b8497421612
035 _a(OCoLC)52618781
041 1 _aspa
_hita
050 1 4 _aBP 173.7
_bC186i 2003
082 0 0 _a297.2/72
_222
049 _aGRAL
100 1 _aCampanini, Máximo,
_d1954-
245 1 0 _aIslam y política /
_cMáximo Campanini.
260 _aMadrid :
_bBiblioteca Nueva,
_cc2003.
300 _a291 p. ;
_c21 cm.
500 _aTítulo original: Islam e politica.
650 0 _aIslam and politics.
650 7 _aIslamismo y política.
_2bidex
938 _aPuvill Libros
_bPUVL
_n8497421612
_c$21.24
942 _2lcc
_cbk
994 _aC0
_bDRFGD
999 _c93378
_d93378